| 000 | 00539nam a2200205Ia 4500 | ||
|---|---|---|---|
| 003 | GCL | ||
| 008 | 140319s9999 xx 000 0 aFre d | ||
| 020 | _a2742725253 | ||
| 040 |
_aGCL / _cGCL |
||
| 082 | 0 | 4 |
_a892.7 _bN M |
| 100 | 1 | _aNAGUIB MAHFOUZ | |
| 245 | 1 | 0 |
_aLE MONDE DE DIEU / _cNAGUIB MAHFOUZ |
| 700 | 1 | _aFRANCIS-SAAD, MARIE | |
| 260 |
_aفرنسا : _bSINDBAD ، _c1999 |
||
| 300 |
_a23 CM ؛ _c232 P |
||
| 650 | 0 | 4 | _aLITERATURE |
| 650 | 0 | 4 | _aARABIC LITERATURE |
| 650 | 0 | 4 | _aARABIC LITERATURE - TRANSLATION |
| 942 |
_2ddc _cBK |
||
| 999 |
_c6624 _d6624 |
||